Quiz sur les Îles Marshall - Statistiques

Statistiques générales
  • Ce quiz a été pris 3 481 fois
  • Le résultat moyen est 10 sur 16
Statistiques - réponses
Question Réponse % Correct
Langues officielles Anglais
96%
Pays auquel les Îles Marshall appartenaient ensuite jusqu'en 1986 Etats-Unis
85%
Région d'Océanie dans laquelle les Îles Marshall se situent {Micro}nésie
84%
Devise monétaire Dollar
83%
Atoll coralien des Îles Marshall qui a donné son nom à un type de maillots de bain féminins Bikini
79%
Pays qui occupait les Îles Marshall entre 1914 et 1944 Japon
78%
Type d'armes qui a été testé sur cet atoll ; on peut citer l'exemple de Castle Bravo Bombe nucléaire
76%
Cela fait des Îles Marshall l'un des pays les plus menacés par ce phénomène climatique Montée des eaux
76%
Les Îles Marshall sont le 2ème pays ayant la plus basse ____ moyenne, après les Maldives Altitude
73%
Pays qui a colonisé les Îles Marshall à partir de 1885 Allemagne
57%
Techniquement, les Îles Marshall possèdent la troisième plus grosse ____ marchande du monde, après le Panama ainsi que le Liberia Flotte
54%
Cet espèce d'arthropodes, la plus grande du monde, peut être trouvée aux Îles Marshall {Crabe} de cocotier
45%
Capitale et plus grande ville Majuro
45%
Langues officielles Marshallais
31%
Territoire américain que les Îles Marshall revendiquent W{ake}
17%
Traité par lequel les Îles Marshall délèguent, encore aujourd'hui, un certain contrôle sur leur souveraineté à ce pays Traité de libre {association}
14%
Aucun quiz correspondant
Distribution des résultats
% des personnes avec chaque résultat
Percentile par nombre de réponses
Votre historique - résultats
Vous n’avez pas pris ce quiz